| 000 | 00474cam a22001217a 4500 | ||
|---|---|---|---|
| 008 | 180718b1981 xxu||||| |||| 00| 0 eng d | ||
| 082 | _aA81x54 In2/81/24/PT3A&B & PT4A | ||
| 100 | _aCensus of India 1981 | ||
| 245 | _aAndaman and Nicobar: general economic tables and social and cultural tables | ||
| 260 |
_aDelhi _bThe Controller of Publications _c1981 |
||
| 300 | _a497p. | ||
| 440 | _aCensus of India 1981. Series-24, Andaman and Nicobar Islands. Part-III-A & B and Part-IV-A | ||
| 999 |
_c482702 _d482702 |
||